Normal view
MARC view
- The Binos - English - Arabic dictionary
Entry Topical Term
001 - CONTROL NUMBER
- control field: 3692
003 - CONTROL NUMBER IDENTIFIER
- control field: JO-AjAnu
005 - DATE AND TIME OF LATEST TRANSACTION
- control field: 20230606070916.0
008 - FIXED-LENGTH DATA ELEMENTS
- fixed length control field: 230606|| aca||aabn | a|a d
040 ## - CATALOGING SOURCE
- Original cataloging agency: JO-AjAnu
- Transcribing agency: JO-AjAnu
150 ## - HEADING--TOPICAL TERM
- Topical term or geographic name entry element: The Binos - English - Arabic dictionary
670 ## - SOURCE DATA FOUND
- Source citation: Work cat.: (JO-AjAnu)1925: Etaywe, Awni S؛ Revised Khalid Alodaili, Adnann Etaiwi, author 3691, The Binos: English - Arabic dictionary of the key and common miliary terms, expreeions and bbreviations, Plus Useful Supplement